Instrumentos para fotogrametría y fotointerpretación

Salvato in:
Dettagli Bibliografici
Natura: Libro
Lingua:Spanish
Pubblicazione: Alemania : Zeiss [19?]
Tags: Aggiungi Tag
Nessun Tag, puoi essere il primo ad aggiungerne!!

MARC

LEADER 00000nam a2200000Ia 4500
003 MV0071
005 20221231143937.0
008 140114s19? gw a 000 ||spa d
040 |c cru CEDI 
090 |a MV 71 
245 |a Instrumentos para fotogrametría y fotointerpretación  
260 |a Alemania : Zeiss  |c [19?] 
300 |a paginación varía :ilustraciones a color 
942 |c MX 
999 |c 14591  |d 14591